000
00275nam a22001217a 4500
040
_c
HS
082
_a
307
100
_a
ជួង សុផល
245
_a
អភិវឌ្ឍន៍ជនបទ
260
_a
RUA
_b
ជួង សុផល
_c
NA
300
_a
71p;
942
_c
KB
999
_c
9328
_d
9328